| 000 | 00518cam a2200205ua 4500 | ||
|---|---|---|---|
| 001 | 11645 | ||
| 005 | 20260515114759.0 | ||
| 008 | 191014n ii |||gr||||Z||||||asm | ||
| 020 | _a9789382056515 | ||
| 040 | _cMAIN | ||
| 041 | _aasm | ||
| 082 | _a891.4514 | ||
| 100 |
_aJayanta Kumar Bora, _eAuthor. |
||
| 245 |
_aBisay aru byakhya _cBy Jayanta Kumar Bora |
||
| 250 | _a1st ed. | ||
| 260 |
_aDibrugarh: _bBanalata, _c2017. |
||
| 300 | _a333p. | ||
| 653 | _aCritical analysis of Assamese literature | ||
| 942 | _cBK | ||
| 999 |
_c10445 _d10445 |
||